Loading...
| Literature - American | 0 | 10 | 0 | 0 | 100 | 85 | 119.70 | 0 | 1 | 12.42 | 47.70 |
| Fine Arts - Other | 0 | 6 | 0 | 0 | 60 | 106 | 123.50 | 0 | 1 | 3.37 | 20.67 |
| Literature - World | 0 | 5 | 0 | 2 | 50 | 72 | 106.80 | 1 | 2 | 10.29 | 18.27 |
| History - European | 0 | 5 | 0 | 1 | 50 | 68 | 93.00 | 0 | 1 | 12.10 | 22.17 |
| Literature - European | 0 | 5 | 1 | 0 | 45 | 79 | 107.60 | 0 | 2 | 9.15 | 23.82 |
| History - World | 0 | 4 | 0 | 0 | 40 | 79 | 94.25 | 0 | 0 | 9.57 | 17.52 |
| Fine Arts - Classical Music | 0 | 4 | 1 | 1 | 35 | 70 | 97.00 | 0 | 1 | 6.47 | 15.97 |
| Fine Arts - Painting and Sculpture | 0 | 4 | 1 | 1 | 35 | 85 | 106.75 | 0 | 0 | 5.38 | 8.76 |
| Literature - British | 0 | 3 | 0 | 0 | 30 | 133 | 144.33 | 0 | 0 | 1.32 | 9.03 |
| Philosophy | 0 | 3 | 0 | 0 | 30 | 87 | 106.00 | 0 | 0 | 3.18 | 6.52 |
| Religion | 0 | 4 | 2 | 2 | 30 | 80 | 106.75 | 0 | 0 | 5.73 | 9.03 |
| Science - Biology | 0 | 3 | 1 | 1 | 25 | 28 | 74.67 | 1 | 1 | 7.45 | 15.38 |
| Science - Physics | 0 | 2 | 0 | 2 | 20 | 113 | 121.50 | 0 | 0 | 0.00 | 3.47 |
| Social Science | 0 | 2 | 0 | 0 | 20 | 72 | 81.50 | 0 | 0 | 3.42 | 5.77 |
| Mythology | 0 | 2 | 0 | 1 | 20 | 101 | 117.00 | 0 | 0 | 0.24 | 1.92 |
| Science - Chemistry | 0 | 2 | 0 | 0 | 20 | 60 | 84.50 | 0 | 0 | 3.33 | 9.03 |
| History - Other | 0 | 2 | 0 | 2 | 20 | 122 | 122.00 | 0 | 0 | 0.00 | 1.39 |
| Popular Culture | 0 | 1 | 0 | 0 | 10 | 112 | 112.00 | 0 | 0 | 5.42 | 8.33 |
| History - American | 0 | 0 | 0 | 0 | 0 | 0.00 | 0 | 0 | 0.00 | 0.00 | |
| Science - Other | 0 | 1 | 3 | 1 | -5 | 102 | 102.00 | 0 | 0 | 0.00 | 0.69 |